| 000 | 00878cab a2200241 4500 | ||
|---|---|---|---|
| 001 | WB3401-69 | ||
| 008 | 090401t1997 xxu||||| |||| 00| 0 eng d | ||
| 035 | _a(Sirsi) u82727 | ||
| 041 | _aeng | ||
| 245 | _aBusiness tenancy | ||
| 260 | _c1997 | ||
| 350 | _a0 | ||
| 490 |
_aEstates Gazette Case Summaries _v[1997] EGCS 168 |
||
| 520 | _a"Gojra v Railtrack plc" CA 28 November 1997. Application by appellant tenants to renew tenancy of sandwich bar at Victoria railway station. There had been a change of landlord on privatisation. Question whether tenant`s request validly served on new landlord. Appeal allowed. | ||
| 650 | _aBUSINESS TENANCIES | ||
| 650 | _aPRIVATISATION | ||
| 650 | _aRAILWAY PROPERTY | ||
| 650 | _aSANDWICH BARS | ||
| 650 | _aTENANCY RENEWAL | ||
| 690 | _aLANDLORD AND TENANT-CASE LAW-BUSINESS TENANCIES | ||
| 942 | _n0 | ||
| 948 | _c16/12/1997 | ||
| 999 |
_c52249 _d52249 |
||